01594nam a2200361 4500003000900000005001700009008004100026017001400067020001800081040004600099041000800145082002700153092000700180099004300187100005400230245013900284250003000423264006600453300003000519336002200549337002400571338003300595504010800628546011600736650005600852650002100908651001000929856005700939905001300996942001901009999001701028952018701045EG-GICUC20260121101219.0251113s2022 ua ||||fr|||| 00| 0 ara d a202121285 a9789770493717 a EG-GICUCbarac EG-GICUCd EG-GICUCerda0 aara04221a341.83bم ح . ن04221 aLaw1 12 341.83 م ح . ن 1 ed - 20220 aمحمد عدلي رسلان عطا.eمؤلف.12aالنظام القانوني والدستوري للأقليات :bدراسة مقارنة /cمحمد عدلي رسلان عطا. aالطبعة الاولى 1aالقاهرة :bدار النهضة العربية،c2022. a770 ؛ صفحةc24 سم. 2rda contentatext 2rda mediaaComputer 2rda carrieraOnline Resource aيحتوي على ارجاعات ببليوجرافية يحتوي على قائمة بالمراجع aالنص أغلبه باللغة العربية بعض النصوص الإنجليزية والفرنسية1 aمركز قانوني -- قانون دولي2qrmak1 aالاقليات1 2qrmak40uhttps://fll.law.cu.edu.eg/fulltext/bks/B12-01278.pdf a75eYara 2ddcn0cBKe21 c43154d43154 00102ddc40718القانون الدولي الخاصaCUbLAW1d2025-11-13l0oLaw1 12 341.83 م ح . ن 1 ed - 2022 1201278 C1pB12-01278r2025-11-13 17:24:54t1w2025-11-13yBK